Ciencias Naturales 2 / (Record no. 11849)

000 -CABECERA
fixed length control field 00706nam a22002057a 4500
003 - IDENTIFICADOR DEL NÚMERO DE CONTROL
control field AR-CdUCM
008 - DATOS DE LONGITUD FIJA--INFORMACIÓN GENERAL
fixed length control field 190405b ||||| |||| 00| 0 spa d
040 ## - FUENTE DE LA CATALOGACIÓN
Agencia/entidad que catalogó originalmente la obra MUNICIPALIDAD PROVINCIAL DEL CUSCO
Entidad que transcribió la catalogación BIBLIOTECA MUNICIPAL DEL CUSCO
082 ## - NÚMERO DE LA CLASIFICACIÓN DECIMAL DEWEY
No. de la edición 5ed.
No. de Clasificación ES / 373.500 /
Notacion interna N25
100 ## - ENTRADA PRINCIPAL--NOMBRE DE PERSONA
Nombre Personal Narrea, Manuel
245 ## - MENCIÓN DE TÍTULO
Título Ciencias Naturales 2 /
260 ## - PUBLICACIÓN, DISTRIBUCIÓN, ETC.
Lugar de publicación, distribución, etc. Lima :
Nombre de la editorial, distribuidor, etc. Escuela Nueva S. A.
300 ## - DESCRIPCIÓN FÍSICA
Nº de Páginas Extensión 232 páginas ;
Otros detalles físicos Ilustraciones, mapas
Dimensiones 20cm
505 ## - NOTA DE CONTENIDO CON FORMATO
Nota de contenido formateada Contenido: La materia -- Las funciones de los seres vivos -- Salud y enfermedad
650 ## - PUNTO DE ACCESO ADICIONAL DE MATERIA--TÉRMINO DE MATERIA
Descriptor Naturaleza
9 (RLIN) 4241
650 ## - PUNTO DE ACCESO ADICIONAL DE MATERIA--TÉRMINO DE MATERIA
Descriptor Seres vivos
9 (RLIN) 19244
942 ## - ELEMENTOS DE PUNTO DE ACCESO ADICIONAL (KOHA)
Fuente de clasificación
Tipo de item Libros-BMC
945 ## - PROCESAMIENTO DE INFORMACIÓN LOCAL (OCLC)
Catalogador nom
AAAA-MM-DD - Fecha de ingreso o modificacion 2019-04-05
Holdings
Estado de retiro (separado) Fuente de clasificación o esquema de estanterías Estado dañado Ubicación Sala donde se ubica Nombre de la colección Fecha de adquisición o compra Costo, precio normal en soles Signatura topográfica Código de Barras Última vez visto (Koha) Tipo de ítem (Koha)
No     Sala de Infantes Sala de Infantes Children's Area 2019-04-05 40.00 ES / 373.909 / N25 SI00001164 2019-04-05 Libros-BMC

Powered by Koha